000 00398nam a22001457a 4500
999 _c7730
_d7728
005 20210323112756.0
008 210323b ||||| |||| 00| 0 eng d
082 _a346.066
100 _aAIYAR, A.N.
_96466
245 _aCOMPANY CASES THE CORPORATE LAW WEEKLY [VOL-214]
260 _aCHENNAI
_bCOMPANY LAW INSTITUTE OF INDIA
_c2019
300 _a608, i-xxiv, p
650 _aLAW
_95701
942 _cJRL